Piata novela zákona lex corona s účinnosťou od 15. júla 2021

Finančné opatrenia v novele č.279/2021 Z.z. sú súčasťou komplexu opatrení zameraných na prekonanie pandémie formou zavedenia finančnej motivácie prostredníctvom súťaže o očkovaciu prémiu a vyplácania sprostredkovateľského bonusu.

Gespeichert in:
Bibliographische Detailangaben
1. Verfasser: Jurčíková, Božena
Format: Buchkapitel
Sprache:Slowakisch
Schlagworte:
Tags: Tag hinzufügen
Keine Tags, Fügen Sie das erste Tag hinzu!

MARC

LEADER 00000naa a2200000 4500
001 0278384
005 20210908211836.1
041 0 |a slo 
044 |a SK 
245 1 0 |a Piata novela zákona lex corona s účinnosťou od 15. júla 2021  |c Božena Jurčíková a kolektív 
520 |a Finančné opatrenia v novele č.279/2021 Z.z. sú súčasťou komplexu opatrení zameraných na prekonanie pandémie formou zavedenia finančnej motivácie prostredníctvom súťaže o očkovaciu prémiu a vyplácania sprostredkovateľského bonusu. 
610 2 0 |a pandémia 
610 2 0 |a ochrana zdravia 
610 2 0 |a zákony 
610 2 0 |a novelizácia 
610 2 0 |a odmeňovanie 
610 2 0 |a motivácia 
610 2 0 |a odmeny mimoriadne 
610 2 0 |a Slovensko 
100 1 |a Jurčíková, Božena